[Event "Nonalaya Ricardo Online op"]
[Site "Chess.com INT"]
[Date "2020.07.19"]
[Round "1"]
[White "Principe, Alexander"]
[Black "Cruz Silva, Terry Gabriel Yamir"]
[Result "1-0"]
[WhiteElo "2295"]
[BlackElo "1426"]
[PlyCount "89"]
[EventDate "2020.07.19"]
[EventType "swiss (blitz)"]
[EventRounds "9"]
[EventCountry "PER"]
[SourceTitle "CBM 197 Extra"]
[Source "ChessBase"]
[SourceDate "2020.09.30"]
[SourceVersion "1"]
[SourceVersionDate "2020.09.30"]
[SourceQuality "1"]

1. e4 c5 2. Nf3 Nc6 3. d4 cxd4 4. Nxd4 Nf6 5. g3 Nxe4 6. Bg2 Nf6 7. 0-0 g6 8. Nc3 Bg7 9. Be3 0-0 10. Qd2 a6 11. Rad1 Ne5 12. Qc1 d6 13. Rfe1 Nc4 14. Bg5 Nb6 15. h3 Nbd7 16. a4 Qa5 17. Bd2 Qb6 18. Nb3 Qc7 19. Rxe7 Re8 20. Rxe8+ Nxe8 21. Nd5 Qd8 22. Bg5 Nef6 23. Qf4 Rb8 24. Qxd6 Qe8 25. Nxf6+ Bxf6 26. Bxf6 Nxf6 27. Qxb8 Bd7 28. Qxe8+ Bxe8 29. Bxb7 Bxa4 30. Rd6 Kg7 31. Rxa6 Bb5 32. Rb6 Bd7 33. Nd4 Bxh3 34. c4 Bd7 35. Bd5 Nxd5 36. cxd5 Kf8 37. Nb3 Ke7 38. Nc5 Bf5 39. d6+ Kd8 40. Rb8+ Bc8 41. d7 Kc7 42. Rxc8+ Kd6 43. d8Q+ Ke5 44. f4+ Kf5 45. Qg5# 1-0

[Event "Pan American-ch U10"]
[Site "Guayaquil"]
[Date "2019.07.27"]
[Round "9"]
[White "Cruz Silva, Terry Gabriel Yamir"]
[Black "Viasus, Juan Diego"]
[Result "1-0"]
[WhiteElo "1329"]
[BlackElo "1246"]
[PlyCount "103"]
[EventDate "2019.07.21"]
[EventType "swiss"]
[EventRounds "9"]
[EventCountry "ECU"]
[SourceTitle "EXT 2020"]
[Source "ChessBase"]
[SourceDate "2019.10.17"]
[SourceVersion "1"]
[SourceVersionDate "2019.10.17"]
[SourceQuality "1"]

1. c4 e5 2. Nc3 f5 3. d3 Nf6 4. Bg5 Be7 5. Nf3 d6 6. Nd2 0-0 7. g3 c6 8. Bg2 Qe8 9. Bxf6 Rxf6 10. b4 Qh5 11. b5 f4 12. bxc6 Nxc6 13. Nd5 Rf7 14. Nc7 f3 15. Bxf3 Rxf3 16. Nxf3 Rb8 17. Nd5 Be6 18. Nxe7+ Nxe7 19. h4 Ng6 20. a3 b6 21. Qa4 a5 22. Qc6 Bg4 23. Qd5+ Kh8 24. Qxd6 Re8 25. Qc6 Rf8 26. Rb1 Bxf3 27. exf3 Qxf3 28. Qxf3 Rxf3 29. Rxb6 h6 30. Rxg6 Rxd3 31. Re6 Rxa3 32. Ke2 a4 33. Rxe5 Ra2+ 34. Kf3 a3 35. Re3 Rc2 36. Rxa3 Rxc4 37. Ra8+ Kh7 38. Re1 Rc3+ 39. Re3 Rc7 40. Kg4 Rf7 41. f4 Kg6 42. Ra6+ Kh7 43. h5 Rf8 44. Re7 Rd8 45. Rg6 Rg8 46. f5 Kh8 47. Kh4 Kh7 48. f6 Kh8 49. g4 Rd8 50. fxg7+ Kg8 51. Rxh6 Ra8 52. Rh8# 1-0